Second Life (Record no. 6635)

MARC details
005 - DATE AND TIME OF LATEST TRANSACTION
control field 20250709081909.0
020 ## - INTERNATIONAL STANDARD BOOK NUMBER
International Standard Book Number 978-1-784-16164-4
082 ## - DEWEY DECIMAL CLASSIFICATION NUMBER
Classification number 006.7 WAT
100 ## - MAIN ENTRY--PERSONAL NAME
Author name WATSON SJ
245 ## - TITLE STATEMENT
Title Second Life
260 ## - PUBLICATION, DISTRIBUTION, ETC.
Place of publication, distribution, etc. London
Name of publisher, distributor, etc. Penguin Random House
Date of publication, distribution, etc. 2016
300 ## - PHYSICAL DESCRIPTION
Extent 460p.;ill
Dimensions 20 cm.
942 ## - ADDED ENTRY ELEMENTS (KOHA)
Source of classification or shelving scheme Dewey Decimal Classification
Koha item type Books
Holdings
Date last seen Total checkouts Full call number Barcode Cost, replacement price Price effective from Koha item type Lost status Source of classification or shelving scheme Damaged status Not for loan Withdrawn status Home library Current library Shelving location Date acquired Source of acquisition Cost, normal purchase price
07/09/2025   006.7 WAT MZA0003012 90000.00 07/04/2024 Books   Dewey Decimal Classification       CBE Mwanza CBE Mwanza General Collection 07/04/2024 Donation From TLSB 30000.00